Prevención del VIH/SIDA en las escuelas (Record no. 23171)

MARC details
000 -LEADER
campo de control de longitud fija 00412nam a2200145Ia 4500
008 - DATOS DE LONGITUD FIJA--INFORMACIÓN GENERAL
campo de control de longitud fija 231129s2002||||xx |||||||||||||| ||spa||
020 ## - NÚMERO INTERNACIONAL ESTÁNDAR DEL LIBRO
Número Internacional Estándar del Libro 958-20-0677-3
040 ## - FUENTE DE CATALOGACIÓN
Lengua de catalogación spa
082 ## - NÚMERO DE LA CLASIFICACIÓN DECIMAL DEWEY
Número de clasificación 616.9792 S324p
100 ## - ENTRADA PRINCIPAL--NOMBRE DE PERSONA
Nombre de persona Schenker Inon I.
245 #0 - MENCIÓN DEL TÍTULO
Título Prevención del VIH/SIDA en las escuelas
260 ## - PUBLICACIÓN, DISTRIBUCIÓN, ETC.
Fecha de publicación, distribución, etc. 2002
264 ## - PRODUCCIÓN, PUBLICACIÓN, DISTRIBUCIÓN, FABRICACIÓN Y COPYRIGHT
Producción, publicación, distribución, fabricación y copyright Cooperativa Editorial Magisterio
942 ## - ELEMENTOS DE ENTRADA SECUNDARIOS (KOHA)
Fuente del sistema de clasificación o colocación Clasificación Decimal Dewey
Tipo de ítem Koha

No items available.

Powered by Koha